[Event "GER-ch Youth U10 2020"]
[Site "Willingen"]
[Date "2020.10.28"]
[Round "3.27"]
[White "Peters, Lasse"]
[Black "Conrad, Marius"]
[Result "0-1"]
[WhiteElo "1223"]
[BlackElo "1645"]
[Annotator "NA"]
[PlyCount "116"]
[EventDate "2020.10.27"]
[EventType "swiss"]
[EventRounds "7"]
[EventCountry "GER"]
[SourceTitle "playchess.com"]
[Source "ChessBase"]
[SourceQuality "1"]
[TimeControl "40/4500+30:900+30"]

1. e4 {[%emt 0:00:00]} e5 {[%emt 0:00:00]} 2. Nf3 {[%emt 0:00:00]} Nc6 {[%emt 0:00:00]} 3. d4 {[%emt 0:00:07]} exd4 {[%emt 0:00:00]} 4. Nxd4 {[%emt 0:00:03]} Bb4+ {[%emt 0:01:09]} 5. c3 {[%emt 0:00:15]} Bc5 {[%emt 0:00:13]} 6. Be3 {[%emt 0:00:13]} Bb6 {[%emt 0:00:18]} 7. Bb5 {[%emt 0:00:44]} Nge7 {[%emt 0:01:02]} 8. O-O {[%emt 0:00:34]} O-O {[%emt 0:00:08]} 9. Na3 {[%emt 0:00:25]} d5 {[%emt 0:01:42]} 10. Nxc6 {[%emt 0:01:10]} bxc6 {[%emt 0:00:28]} 11. Bd3 {[%emt 0:01:47]} Bxe3 {[%emt 0:02:44]} 12. fxe3 {[%emt 0:00:11]} Rb8 {[%emt 0:02:26]} 13. Qc2 {[%emt 0:00:19]} h6 {[%emt 0:03:36]} 14. Rf2 {[%emt 0:01:49]} Ng6 {[%emt 0:04:47]} 15. Raf1 {[%emt 0:00:19]} Ne5 {[%emt 0:00:49]} 16. Be2 {[%emt 0:01:27]} Qg5 {[%emt 0:04:07]} 17. c4 {[%emt 0:01:45]} dxe4 {[%emt 0:04:08]} 18. Qxe4 {[%emt 0:00:33]} Rxb2 {[%emt 0:00:23]} 19. h4 {[%emt 0:00:38]} Qe7 {[%emt 0:01:36]} 20. Bd3 {[%emt 0:01:14]} f5 {[%emt 0:06:34]} 21. Qd4 {[%emt 0:06:39]} Rxf2 {[%emt 0:00:42]} 22. Rxf2 {[%emt 0:00:03]} Qxa3 {[%emt 0:01:10]} 23. Qxe5 {[%emt 0:00:42]} Qxd3 {[%emt 0:00:27]} 24. Qxc7 {[%emt 0:05:51]} Qxe3 {[%emt 0:01:27]} 25. Qxc6 {[%emt 0:00:41]} Rd8 {[%emt 0:00:51]} 26. Qf3 {[%emt 0:04:32]} Qxf3 {[%emt 0:00:23]} 27. Rxf3 {[%emt 0:00:16]} Rd4 {[%emt 0:00:30]} 28. Re3 {[%emt 0:00:24]} Kh7 {[%emt 0:00:13]} 29. c5 {[%emt 0:00:53]} Rxh4 {[%emt 0:01:31]} 30. Re8 {[%emt 0:00:34]} Bd7 {[%emt 0:00:48]} 31. Re7 {[%emt 0:00:30]} Rd4 {[%emt 0:00:26]} 32. Kf2 {[%emt 0:00:27]} Kg8 {[%emt 0:00:36]} 33. Ke3 {[%emt 0:00:41]} Re4+ {[%emt 0:00:06]} 34. Rxe4 {[%emt 0:00:48]} fxe4 {[%emt 0:00:02]} 35. Kxe4 {[%emt 0:00:04]} Bc6+ {[%emt 0:00:13]} 36. Ke5 {[%emt 0:00:32]} Bxg2 {[%emt 0:00:08]} 37. Kd6 {[%emt 0:00:13]} Kf7 {[%emt 0:00:27]} 38. c6 {[%emt 0:00:21]} Bxc6 {[%emt 0:00:07]} 39. Kxc6 {[%emt 0:00:12]} h5 {[%emt 0:00:01]} 40. Kd5 {[%emt 0:00:39]} Kf6 {[%emt 0:00:12]} 41. Ke4 {[%emt 0:15:11]} g5 {[%emt 0:15:54]} 42. Kf3 {[%emt 0:00:12]} Kf5 {[%emt 0:00:10]} 43. a4 {[%emt 0:00:14]} a5 {[%emt 0:00:24]} 44. Kg3 {[%emt 0:00:20]} g4 {[%emt 0:00:25]} 45. Kh4 {[%emt 0:01:10]} Kf4 {[%emt 0:00:13]} 46. Kxh5 {[%emt 0:00:09]} g3 {[%emt 0:00:04]} 47. Kg6 {[%emt 0:00:28]} g2 {[%emt 0:00:07]} 48. Kf6 {[%emt 0:00:17]} g1=Q 49. Ke6 Qd4 {[%emt 0:01:11]} 50. Kf7 {[%emt 0:00:40]} Qxa4 {[%emt 0:00:07]} 51. Ke6 {[%emt 0:00:21]} Qc4+ {[%emt 0:00:06]} 52. Kd6 {[%emt 0:00:21]} a4 {[%emt 0:00:06]} 53. Ke7 {[%emt 0:00:17]} a3 {[%emt 0:00:04]} 54. Kd6 {[%emt 0:00:15]} a2 {[%emt 0:00:05]} 55. Ke7 {[%emt 0:00:31]} Qc6 {[%emt 0:00:13]} 56. Kf7 {[%emt 0:00:20]} a1=Q 57. Kg8 Qa7 {[%emt 0:01:17]} 58. Kf8 {[%emt 0:00:46]} Qc8# {[%emt 0:00:05]} 0-1

[Event "GER-ch Youth U10 2020"]
[Site "Willingen"]
[Date "2020.10.28"]
[Round "3.28"]
[White "Yin, Vito"]
[Black "Mündörfer, Sebastian"]
[Result "0-1"]
[WhiteElo "1320"]
[BlackElo "1175"]
[Annotator "NA"]
[PlyCount "90"]
[EventDate "2020.10.27"]
[EventType "swiss"]
[EventRounds "7"]
[EventCountry "GER"]
[SourceTitle "playchess.com"]
[Source "ChessBase"]
[SourceQuality "1"]
[TimeControl "40/4500+30:900+30"]

1. e4 {[%emt 0:00:00]} c5 {[%emt 0:00:00]} 2. Nf3 {[%emt 0:00:00]} g6 {[%emt 0:00:00]} 3. d4 {[%emt 0:00:00]} cxd4 {[%emt 0:00:00]} 4. Nxd4 {[%emt 0:00:00]} Nc6 {[%emt 0:00:07]} 5. Nc3 {[%emt 0:00:00]} Bg7 {[%emt 0:00:09]} 6. Be3 {[%emt 0:00:01]} Nf6 {[%emt 0:00:18]} 7. Bc4 {[%emt 0:00:09]} Qa5 {[%emt 0:00:49]} 8. O-O {[%emt 0:00:30]} O-O {[%emt 0:00:08]} 9. Bb3 {[%emt 0:00:46]} d6 {[%emt 0:01:13]} 10. f3 {[%emt 0:00:20]} Nxd4 {[%emt 0:01:05]} 11. Qxd4 {[%emt 0:01:22]} Ng4 {[%emt 0:02:51]} 12. Qd2 {[%emt 0:05:09]} Nxe3 {[%emt 0:00:19]} 13. Qxe3 Be6 14. Qd3 {[%emt 0:12:35]} Rac8 {[%emt 0:16:58]} 15. Nd1 {[%emt 0:09:13]} Bxb3 {[%emt 0:01:10]} 16. axb3 {[%emt 0:01:24]} Qc5+ {[%emt 0:03:21]} 17. Kh1 {[%emt 0:00:29]} Qxc2 {[%emt 0:00:11]} 18. Qxc2 {[%emt 0:00:02]} Rxc2 {[%emt 0:00:13]} 19. Rxa7 {[%emt 0:00:01]} Rb8 {[%emt 0:00:36]} 20. Ra2 {[%emt 0:00:31]} Rbc8 {[%emt 0:01:11]} 21. h3 {[%emt 0:02:08]} Re2 {[%emt 0:08:25]} 22. b4 {[%emt 0:03:28]} h5 {[%emt 0:02:45]} 23. Ra7 {[%emt 0:03:42]} Rcc2 {[%emt 0:01:00]} 24. Rxb7 {[%emt 0:04:00]} Bd4 {[%emt 0:02:31]} 25. Rg1 {[%emt 0:08:11]} Bxg1 {[%emt 0:00:12]} 26. Kxg1 {[%emt 0:00:12]} Re1+ {[%emt 0:00:18]} 27. Kh2 {[%emt 0:00:01]} Rxd1 {[%emt 0:00:09]} 28. Kg3 {[%emt 0:00:00]} Rdd2 {[%emt 0:00:15]} 29. Rxe7 {[%emt 0:03:02]} Rxb2 {[%emt 0:00:15]} 30. b5 {[%emt 0:02:30]} g5 {[%emt 0:00:31]} 31. f4 {[%emt 0:01:08]} Rxg2+ {[%emt 0:00:13]} 32. Kf3 {[%emt 0:00:09]} Rbf2+ {[%emt 0:00:14]} 33. Ke3 gxf4+ {[%emt 0:00:12]} 34. Kd4 {[%emt 0:00:23]} Rb2 {[%emt 0:00:08]} 35. Rb7 {[%emt 0:00:12]} f3 {[%emt 0:00:09]} 36. Kd5 {[%emt 0:00:51]} f2 {[%emt 0:00:15]} 37. Rb8+ {[%emt 0:00:20]} Kg7 {[%emt 0:01:08]} 38. b6 {[%emt 0:00:35]} f1=Q {[%emt 0:00:12]} 39. b7 {[%emt 0:00:07]} Rxb7 {[%emt 0:00:06]} 40. Rxb7 {[%emt 0:00:07]} Qd1+ {[%emt 0:00:18]} 41. Kc6 {[%emt 0:15:18]} Qa4+ {[%emt 0:15:27]} 42. Kc7 {[%emt 0:00:17]} Rc2+ {[%emt 0:00:09]} 43. Kd8 {[%emt 0:00:07]} Qc6 {[%emt 0:00:15]} 44. Rd7 {[%emt 0:00:31]} Qc8+ {[%emt 0:00:16]} 45. Ke7 {[%emt 0:00:09]} Qf8# {[%emt 0:00:20]} 0-1

[Event "GER-ch Youth U10 2020"]
[Site "Willingen"]
[Date "2020.10.28"]
[Round "3.29"]
[White "Gulamzada, Elmir"]
[Black "Kutz, Paul Matti"]
[Result "1-0"]
[WhiteElo "1397"]
[BlackElo "1242"]
[Annotator "NA"]
[PlyCount "133"]
[EventDate "2020.10.27"]
[EventType "swiss"]
[EventRounds "7"]
[EventCountry "GER"]
[SourceTitle "playchess.com"]
[Source "ChessBase"]
[SourceQuality "1"]
[TimeControl "40/4500+30:900+30"]

1. e4 {[%emt 0:00:00]} e5 {[%emt 0:00:00]} 2. Nf3 {[%emt 0:00:00]} Nf6 {[%emt 0:01:04]} 3. Nxe5 {[%emt 0:00:25]} d6 {[%emt 0:00:14]} 4. Nf3 {[%emt 0:00:05]} Nxe4 {[%emt 0:00:10]} 5. Nc3 {[%emt 0:00:17]} Bf5 {[%emt 0:02:14]} 6. Qe2 {[%emt 0:00:59]} Qe7 {[%emt 0:00:06]} 7. Nd5 {[%emt 0:01:14]} Nxd2 {[%emt 0:02:10]} 8. Nxe7 {[%emt 0:00:23]} Nxf3+ {[%emt 0:00:10]} 9. Qxf3 {[%emt 0:00:21]} Bxc2 {[%emt 0:00:19]} 10. Qxb7 {[%emt 0:00:19]} Bxe7 {[%emt 0:00:22]} 11. Qxa8 {[%emt 0:00:16]} O-O 12. Qf3 d5 {[%emt 0:01:30]} 13. b3 {[%emt 0:01:12]} Re8 {[%emt 0:00:05]} 14. Be2 {[%emt 0:00:05]} Bf6 {[%emt 0:00:26]} 15. Qxd5 Bc3+ {[%emt 0:01:05]} 16. Kf1 {[%emt 0:01:36]} Bxa1 {[%emt 0:01:01]} 17. Bc4 {[%emt 0:00:17]} Bg6 {[%emt 0:00:15]} 18. Qb5 {[%emt 0:00:42]} c6 {[%emt 0:00:15]} 19. Qb7 {[%emt 0:00:46]} Bc3 {[%emt 0:00:15]} 20. g3 {[%emt 0:00:31]} c5 {[%emt 0:00:54]} 21. h4 {[%emt 0:00:31]} Re1+ {[%emt 0:00:22]} 22. Kg2 {[%emt 0:00:13]} Be4+ {[%emt 0:00:08]} 23. Qxe4 {[%emt 0:01:48]} Rxe4 {[%emt 0:00:49]} 24. Rd1 {[%emt 0:01:04]} Rd4 {[%emt 0:00:11]} 25. Be2 {[%emt 0:02:49]} Nc6 {[%emt 0:00:20]} 26. Bf3 {[%emt 0:00:55]} Nb4 {[%emt 0:00:19]} 27. a3 {[%emt 0:01:36]} Nd3 {[%emt 0:00:31]} 28. Be3 {[%emt 0:01:44]} Ne1+ {[%emt 0:03:51]} 29. Kf1 {[%emt 0:04:07]} Nxf3 {[%emt 0:00:23]} 30. Bxd4 {[%emt 0:00:39]} cxd4 {[%emt 0:00:16]} 31. Ke2 {[%emt 0:01:38]} Ne5 {[%emt 0:00:50]} 32. f4 {[%emt 0:01:22]} Ng4 {[%emt 0:01:24]} 33. Kf3 {[%emt 0:05:31]} Ne3 {[%emt 0:00:34]} 34. Rd3 {[%emt 0:01:34]} Nf5 {[%emt 0:00:51]} 35. Ke4 {[%emt 0:02:21]} Nd6+ {[%emt 0:03:16]} 36. Ke5 {[%emt 0:03:02]} Nb5 {[%emt 0:00:39]} 37. a4 {[%emt 0:01:01]} f6+ {[%emt 0:00:50]} 38. Kd5 {[%emt 0:01:46]} Nc7+ {[%emt 0:00:27]} 39. Kc6 {[%emt 0:01:20]} Na6 {[%emt 0:00:40]} 40. Kb7 {[%emt 0:01:03]} Nb4 {[%emt 0:00:02]} 41. Rd1 {[%emt 0:15:52]} a5 {[%emt 0:19:41]} 42. Kb6 {[%emt 0:05:03]} d3 {[%emt 0:02:16]} 43. Kxa5 {[%emt 0:00:30]} d2 {[%emt 0:00:30]} 44. Kb5 {[%emt 0:05:26]} Nd5 {[%emt 0:01:37]} 45. Kc4 {[%emt 0:01:56]} Kf7 {[%emt 0:02:18]} 46. Kxd5 {[%emt 0:00:30]} Ke7 {[%emt 0:00:30]} 47. Kc4 {[%emt 0:00:03]} Ba5 {[%emt 0:00:07]} 48. b4 {[%emt 0:00:09]} Bc7 {[%emt 0:00:20]} 49. Rxd2 {[%emt 0:00:02]} Bd6 {[%emt 0:00:13]} 50. Rxd6 {[%emt 0:00:21]} Kxd6 {[%emt 0:00:10]} 51. Kb5 {[%emt 0:00:04]} Kc7 {[%emt 0:00:06]} 52. a5 {[%emt 0:00:05]} Kb7 {[%emt 0:00:14]} 53. a6+ {[%emt 0:00:15]} Ka7 {[%emt 0:00:31]} 54. Kc6 {[%emt 0:00:10]} Kxa6 {[%emt 0:00:22]} 55. b5+ {[%emt 0:00:06]} Ka7 {[%emt 0:00:23]} 56. b6+ {[%emt 0:00:17]} Kb8 {[%emt 0:00:04]} 57. b7 {[%emt 0:00:17]} g6 {[%emt 0:00:14]} 58. g4 {[%emt 0:00:35]} h5 {[%emt 0:00:15]} 59. gxh5 {[%emt 0:01:11]} gxh5 60. f5 {[%emt 0:00:23]} Ka7 {[%emt 0:00:22]} 61. Kc7 {[%emt 0:00:14]} Ka6 {[%emt 0:00:35]} 62. b8=Q {[%emt 0:00:39]} Ka5 {[%emt 0:00:08]} 63. Kc6 {[%emt 0:00:30]} Ka4 {[%emt 0:00:30]} 64. Kc5 {[%emt 0:00:11]} Ka3 {[%emt 0:00:06]} 65. Kc4 {[%emt 0:00:12]} Ka2 {[%emt 0:00:09]} 66. Kc3 {[%emt 0:00:09]} Ka1 {[%emt 0:00:07]} 67. Qb2# {[%emt 0:00:09]} 1-0

[Event "GER-ch Youth U10 2020"]
[Site "Willingen"]
[Date "2020.10.29"]
[Round "4.1"]
[White "Buchinger, Alexis"]
[Black "Herrmann, Jakob"]
[Result "1-0"]
[WhiteElo "1496"]
[BlackElo "1504"]
[Annotator "NA RC"]
[PlyCount "65"]
[EventDate "2020.10.27"]
[EventType "swiss"]
[EventRounds "7"]
[EventCountry "GER"]
[SourceTitle "playchess.com"]
[Source "ChessBase"]
[SourceQuality "1"]
[TimeControl "40/4500+30:900+30"]

1. e4 {[%emt 0:00:00]} c6 {[%emt 0:00:00]} 2. d4 {[%emt 0:00:10]} d5 {[%emt 0:00:00]} 3. exd5 {[%emt 0:00:11]} cxd5 {[%emt 0:00:12]} 4. Bd3 {[%emt 0:00:13]} Nc6 {[%emt 0:00:34]} 5. c3 {[%emt 0:00:16]} g6 {[%emt 0:00:25]} 6. Bf4 {[%emt 0:00:18]} Bg7 {[%emt 0:00:37]} 7. h3 {[%emt 0:00:48]} Nh6 {[%emt 0:01:23]} 8. Qd2 {[%emt 0:00:24]} Nf5 {[%emt 0:01:08]} 9. Nf3 {[%emt 0:00:34]} O-O {[%emt 0:00:49]} 10. O-O {[%emt 0:00:32]} f6 {[%emt 0:03:14]} 11. Re1 {[%emt 0:10:51]} Re8 {[%emt 0:08:45]} 12. Bb5 {[%emt 0:05:13]} Nd6 {[%emt 0:05:00]} 13. Bxc6 {[%emt 0:02:28]} bxc6 {[%emt 0:00:31]} 14. Qe2 {[%emt 0:03:02]} Nf7 {[%emt 0:04:27]} 15. Bg3 {[%emt 0:03:13]} e5 {[%emt 0:02:28]} 16. Nbd2 {[%emt 0:02:35]} Qb6 {[%emt 0:03:40]} 17. Nb3 {[%emt 0:01:27]} Ba6 {[%emt 0:00:27]} 18. Qc2 {[%emt 0:01:11]} exd4 {[%emt 0:15:46]} 19. cxd4 {[%emt 0:01:36]} Bf8 {[%emt 0:01:04]} 20. Rac1 {[%emt 0:01:41]} Bb5 {[%emt 0:01:22]} 21. Qc3 {[%emt 0:08:58]} a5 {[%emt 0:03:21]} 22. Nc5 {[%emt 0:01:09]} Rxe1+ {[%emt 0:00:42]} 23. Qxe1 {[%emt 0:04:02]} Bxc5 {[%emt 0:01:41]} 24. Rxc5 {[%emt 0:00:26]} a4 {[%emt 0:00:46]} 25. Qe6 {[%emt 0:10:26]} Qd8 {[%emt 0:01:43]} 26. Bh4 {[%emt 0:03:19]} Kg7 {[%emt 0:00:55]} 27. Ne5 {[%emt 0:02:08]} Nxe5 {[%emt 0:04:21]} 28. dxe5 {[%emt 0:00:10]} g5 {[%emt 0:00:31]} 29. Bg3 {[%emt 0:04:13]} Kg6 {[%emt 0:04:09]} 30. h4 {[%emt 0:01:16]} h6 {[%emt 0:01:40]} 31. exf6 {[%emt 0:01:30]} Qxf6 {[%emt 0:00:20]} 32. h5+ {[%emt 0:00:06]} Kg7 {[%emt 0:01:17]} 33. Be5 {[%emt 0:00:04]} 1-0

[Event "GER-ch Youth U10 2020"]
[Site "Willingen"]
[Date "2020.10.29"]
[Round "4.2"]
[White "Besou, Hussain"]
[Black "Burkart, Lloyd Shang"]
[Result "1-0"]
[WhiteElo "1825"]
[BlackElo "1508"]
[Annotator "NA RC"]
[PlyCount "75"]
[EventDate "2020.10.27"]
[EventType "swiss"]
[EventRounds "7"]
[EventCountry "GER"]
[SourceTitle "playchess.com"]
[Source "ChessBase"]
[SourceQuality "1"]
[TimeControl "40/4500+30:900+30"]

1. d4 {[%emt 0:00:00]} Nf6 {[%emt 0:00:00]} 2. c4 {[%emt 0:00:00]} e6 {[%emt 0:00:23]} 3. Nf3 {[%emt 0:00:00]} b6 {[%emt 0:00:56]} 4. g3 {[%emt 0:00:00]} d5 {[%emt 0:07:33]} 5. Bg2 {[%emt 0:00:16]} Be7 {[%emt 0:00:51]} 6. O-O {[%emt 0:00:09]} O-O {[%emt 0:00:47]} 7. Nc3 {[%emt 0:01:51]} Bb7 {[%emt 0:03:58]} 8. Bf4 {[%emt 0:03:22]} c6 {[%emt 0:02:11]} 9. Qc2 {[%emt 0:09:34]} Na6 {[%emt 0:01:24]} 10. Rac1 {[%emt 0:02:02]} Rc8 {[%emt 0:01:14]} 11. Rfd1 {[%emt 0:00:48]} Nh5 {[%emt 0:06:09]} 12. Be3 {[%emt 0:00:40]} Qc7 {[%emt 0:02:07]} (12... dxc4 $11 13. a3 b5) 13. Ne5 {[%emt 0:10:12]} Bd6 {[%emt 0:04:00]} 14. f4 {[%emt 0:01:52]} Rfd8 {[%emt 0:03:55]} 15. Bf2 {[%emt 0:01:37]} Nf6 {[%emt 0:15:04]} 16. e4 {[%emt 0:01:27]} Qe7 {[%emt 0:06:26]} 17. Qe2 {[%emt 0:01:17]} Nc7 {[%emt 0:02:33]} 18. g4 {[%emt 0:03:19]} Nd7 {[%emt 0:02:31]} 19. Bg3 {[%emt 0:01:08]} f6 {[%emt 0:01:09]} 20. Nxd7 {[%emt 0:00:23]} Qxd7 {[%emt 0:00:15]} 21. e5 {[%emt 0:01:08]} fxe5 {[%emt 0:00:19]} 22. fxe5 {[%emt 0:00:08]} Be7 {[%emt 0:00:23]} 23. cxd5 {[%emt 0:02:13]} cxd5 {[%emt 0:00:57]} (23... exd5 $17 24. h3 Bg5) 24. Qe3 {[%emt 0:01:31]} g5 $14 {[%emt 0:02:53]} 25. Bf1 {[%emt 0:00:55]} Ba6 {[%emt 0:00:18]} 26. Bxa6 {[%emt 0:00:10]} Nxa6 27. a3 {[%emt 0:00:09]} Rf8 {[%emt 0:00:53]} 28. Rf1 {[%emt 0:00:17]} h6 {[%emt 0:00:48]} 29. Qd3 {[%emt 0:00:08]} Nb8 {[%emt 0:03:54]} 30. Qg6+ {[%emt 0:00:15]} Kh8 31. Qxh6+ Kg8 {[%emt 0:00:22]} 32. Qg6+ {[%emt 0:00:09]} Kh8 33. Kg2 {[%emt 0:00:42]} Nc6 {[%emt 0:13:10]} 34. Rh1 {[%emt 0:00:30]} Qd8 {[%emt 0:00:26]} 35. Qh6+ {[%emt 0:00:19]} Kg8 {[%emt 0:00:07]} 36. Qxe6+ {[%emt 0:00:03]} Kg7 {[%emt 0:00:17]} 37. Nxd5 {[%emt 0:00:22]} Rf7 {[%emt 0:01:07]} 38. Rxc6 {[%emt 0:00:08]} 1-0

[Event "GER-ch Youth U10 2020"]
[Site "Willingen"]
[Date "2020.10.29"]
[Round "4.3"]
[White "Goldmann, David"]
[Black "Xue, Luka"]
[Result "1-0"]
[WhiteElo "1644"]
[BlackElo "1473"]
[Annotator "NA RC"]
[PlyCount "71"]
[EventDate "2020.10.27"]
[EventType "swiss"]
[EventRounds "7"]
[EventCountry "GER"]
[SourceTitle "playchess.com"]
[Source "ChessBase"]
[SourceQuality "1"]
[TimeControl "40/4500+30:900+30"]

1. Nf3 {[%emt 0:00:00]} d5 {[%emt 0:00:00]} 2. d4 {[%emt 0:00:00]} Nf6 {[%emt 0:00:11]} 3. c4 {[%emt 0:00:00]} c6 {[%emt 0:00:14]} 4. e3 {[%emt 0:02:04]} e6 {[%emt 0:00:27]} 5. Nc3 {[%emt 0:00:17]} Nbd7 {[%emt 0:00:20]} 6. cxd5 {[%emt 0:00:31]} exd5 {[%emt 0:00:37]} 7. Bd3 {[%emt 0:00:16]} Bd6 {[%emt 0:00:19]} 8. O-O {[%emt 0:00:25]} O-O {[%emt 0:00:30]} 9. Qc2 {[%emt 0:03:55]} Re8 {[%emt 0:01:15]} 10. Ne2 {[%emt 0:04:59]} Qc7 {[%emt 0:02:37]} 11. Ng3 {[%emt 0:01:33]} Nb6 {[%emt 0:01:03]} 12. b3 {[%emt 0:03:30]} Bg4 {[%emt 0:01:23]} 13. Ne5 {[%emt 0:03:01]} g6 {[%emt 0:08:11]} 14. f4 {[%emt 0:02:13]} Rac8 {[%emt 0:02:40]} 15. h3 {[%emt 0:02:58]} Bd7 {[%emt 0:00:39]} 16. Bb2 {[%emt 0:02:48]} c5 {[%emt 0:00:37]} 17. Rac1 {[%emt 0:00:45]} a6 {[%emt 0:01:57]} 18. Qe2 {[%emt 0:02:08]} Re7 {[%emt 0:06:34]} 19. dxc5 {[%emt 0:00:33]} Bxe5 {[%emt 0:06:52]} 20. cxb6 {[%emt 0:00:23]} Qxc1 {[%emt 0:09:49]} 21. Bxc1 {[%emt 0:00:23]} Bd4 {[%emt 0:00:49]} 22. exd4 {[%emt 0:01:33]} Rxe2 {[%emt 0:00:23]} 23. Nxe2 {[%emt 0:00:06]} Ne4 {[%emt 0:01:06]} 24. Be3 {[%emt 0:01:22]} f5 {[%emt 0:00:24]} 25. Rc1 {[%emt 0:00:13]} Kf7 {[%emt 0:02:06]} 26. Rc7 {[%emt 0:02:18]} Rxc7 {[%emt 0:00:48]} 27. bxc7 {[%emt 0:00:11]} Ke7 {[%emt 0:00:28]} 28. Bxe4 {[%emt 0:00:16]} dxe4 {[%emt 0:00:17]} 29. Bd2 {[%emt 0:00:26]} b6 {[%emt 0:00:15]} 30. Bb4+ {[%emt 0:00:11]} Ke6 {[%emt 0:00:17]} 31. Nc3 {[%emt 0:00:19]} Bc8 {[%emt 0:00:13]} 32. d5+ {[%emt 0:00:25]} Kd7 {[%emt 0:00:17]} 33. d6 {[%emt 0:00:06]} a5 {[%emt 0:00:14]} 34. Ba3 {[%emt 0:00:10]} Ba6 {[%emt 0:00:05]} 35. Nd5 {[%emt 0:00:08]} b5 {[%emt 0:00:27]} 36. Nb6+ 1-0

[Event "GER-ch Youth U10 2020"]
[Site "Willingen"]
[Date "2020.10.29"]
[Round "4.4"]
[White "Nönnig, Jakob"]
[Black "Neuhoff, Laertes"]
[Result "1/2-1/2"]
[WhiteElo "1442"]
[BlackElo "1655"]
[Annotator "NA RC"]
[PlyCount "93"]
[EventDate "2020.10.27"]
[EventType "swiss"]
[EventRounds "7"]
[EventCountry "GER"]
[SourceTitle "playchess.com"]
[Source "ChessBase"]
[SourceQuality "1"]
[TimeControl "40/4500+30:900+30"]

1. e4 {[%emt 0:00:00]} e5 {[%emt 0:00:00]} 2. Nf3 {[%emt 0:00:00]} Nc6 {[%emt 0:00:00]} 3. Bc4 {[%emt 0:00:00]} Bc5 {[%emt 0:00:09]} 4. c3 {[%emt 0:00:04]} Nf6 {[%emt 0:00:21]} 5. d4 {[%emt 0:00:09]} exd4 {[%emt 0:00:07]} 6. cxd4 {[%emt 0:00:07]} Bb4+ {[%emt 0:00:14]} 7. Bd2 {[%emt 0:00:18]} Bxd2+ {[%emt 0:00:12]} 8. Nbxd2 {[%emt 0:00:13]} d5 {[%emt 0:00:27]} 9. exd5 {[%emt 0:00:15]} Nxd5 {[%emt 0:00:16]} 10. Qb3 {[%emt 0:00:14]} Nce7 {[%emt 0:01:36]} 11. O-O {[%emt 0:01:54]} O-O {[%emt 0:03:21]} 12. Rfe1 {[%emt 0:03:54]} c6 {[%emt 0:16:53]} 13. Rac1 {[%emt 0:05:35]} Qb6 {[%emt 0:10:23]} 14. h3 {[%emt 0:07:39]} h6 {[%emt 0:07:28]} 15. Ne4 {[%emt 0:06:33]} Qxb3 {[%emt 0:10:23]} 16. Bxb3 {[%emt 0:00:35]} Bf5 {[%emt 0:02:04]} 17. Nd6 {[%emt 0:03:51]} Bc8 {[%emt 0:12:55]} 18. Ne5 {[%emt 0:07:49]} f6 {[%emt 0:00:57]} 19. Nxc6 {[%emt 0:02:33]} bxc6 {[%emt 0:05:04]} 20. Rxe7 {[%emt 0:00:12]} Rd8 {[%emt 0:03:56]} 21. Bxd5+ {[%emt 0:02:08]} cxd5 {[%emt 0:01:24]} 22. Rxc8 {[%emt 0:00:52]} Raxc8 {[%emt 0:00:27]} 23. Nxc8 {[%emt 0:00:07]} Rxc8 {[%emt 0:00:13]} 24. Rxa7 {[%emt 0:11:33]} Rc1+ {[%emt 0:02:29]} 25. Kh2 {[%emt 0:00:07]} Rc4 {[%emt 0:00:12]} 26. a4 {[%emt 0:02:11]} Rxd4 {[%emt 0:00:10]} 27. Ra8+ {[%emt 0:00:15]} Kh7 {[%emt 0:00:06]} 28. a5 {[%emt 0:00:07]} Rb4 {[%emt 0:00:24]} 29. a6 {[%emt 0:00:38]} Rxb2 {[%emt 0:00:39]} 30. a7 {[%emt 0:00:18]} Ra2 {[%emt 0:00:06]} 31. Rd8 {[%emt 0:01:37]} Rxa7 {[%emt 0:00:09]} 32. Rxd5 {[%emt 0:00:05]} Ra2 {[%emt 0:00:15]} 33. Rf5 {[%emt 0:00:21]} Kg6 {[%emt 0:00:17]} 34. Rf3 {[%emt 0:00:31]} f5 {[%emt 0:00:13]} 35. g3 {[%emt 0:00:49]} Kf6 {[%emt 0:00:08]} 36. Kg2 {[%emt 0:01:08]} Kg5 {[%emt 0:03:29]} 37. h4+ {[%emt 0:00:43]} Kg6 {[%emt 0:00:26]} 38. Re3 {[%emt 0:01:02]} Kf6 {[%emt 0:00:07]} 39. Kf3 {[%emt 0:01:20]} g5 {[%emt 0:00:32]} 40. hxg5+ {[%emt 0:00:58]} hxg5 {[%emt 0:00:08]} 41. Re2 {[%emt 0:15:50]} Rxe2 {[%emt 0:18:48]} 42. Kxe2 {[%emt 0:00:08]} Ke5 {[%emt 0:00:02]} 43. f3 {[%emt 0:01:06]} f4 {[%emt 0:00:29]} 44. g4 {[%emt 0:00:33]} Kd4 {[%emt 0:00:09]} 45. Kd2 {[%emt 0:00:09]} Kc4 {[%emt 0:00:03]} 46. Kc2 {[%emt 0:00:07]} Kd4 {[%emt 0:00:05]} 47. Kd2 {[%emt 0:00:04]} 1/2-1/2

[Event "GER-ch Youth U10 2020"]
[Site "Willingen"]
[Date "2020.10.29"]
[Round "4.5"]
[White "Dordevic, Tom"]
[Black "Bangert, Jonas"]
[Result "1-0"]
[WhiteElo "1535"]
[BlackElo "1549"]
[Annotator "NA RC"]
[PlyCount "47"]
[EventDate "2020.10.27"]
[EventType "swiss"]
[EventRounds "7"]
[EventCountry "GER"]
[SourceTitle "playchess.com"]
[Source "ChessBase"]
[SourceQuality "1"]
[TimeControl "40/4500+30:900+30"]

1. d4 {[%emt 0:00:00]} Nf6 {[%emt 0:00:00]} 2. Bf4 {[%emt 0:00:02]} d5 {[%emt 0:00:29]} 3. e3 {[%emt 0:00:06]} Bf5 {[%emt 0:00:34]} 4. Bd3 {[%emt 0:00:45]} Bg6 {[%emt 0:00:35]} 5. Nf3 {[%emt 0:00:07]} e6 {[%emt 0:00:31]} 6. Ne5 {[%emt 0:01:34]} Be4 {[%emt 0:05:41]} 7. f3 {[%emt 0:01:55]} Bxd3 {[%emt 0:00:15]} 8. Qxd3 {[%emt 0:00:03]} c6 {[%emt 0:00:15]} 9. Bg3 {[%emt 0:01:02]} Nbd7 {[%emt 0:00:18]} 10. Nd2 {[%emt 0:00:45]} Qb6 {[%emt 0:02:10]} 11. O-O {[%emt 0:02:15]} c5 {[%emt 0:01:30]} 12. c3 {[%emt 0:03:36]} Be7 {[%emt 0:01:25]} 13. Kh1 {[%emt 0:04:31]} O-O {[%emt 0:00:54]} 14. Bh4 {[%emt 0:01:15]} Bd6 {[%emt 0:02:14]} 15. f4 {[%emt 0:02:19]} Bxe5 {[%emt 0:07:15]} 16. fxe5 {[%emt 0:00:14]} Ne8 {[%emt 0:00:27]} 17. Be7 {[%emt 0:00:12]} f6 {[%emt 0:01:11]} 18. Bxf8 {[%emt 0:00:14]} Nxf8 {[%emt 0:00:13]} 19. Nf3 {[%emt 0:02:11]} Nd7 {[%emt 0:00:53]} 20. e4 {[%emt 0:02:54]} cxd4 {[%emt 0:02:52]} 21. cxd4 {[%emt 0:00:55]} fxe5 {[%emt 0:00:41]} 22. Nxe5 {[%emt 0:00:09]} dxe4 {[%emt 0:02:20]} 23. Nxd7 {[%emt 0:00:57]} exd3 {[%emt 0:00:41]} 24. Rf8# {[%emt 0:00:02]} 1-0